Measuring web searching task efficiency: an imprecise data envelopment analysis approach

Salvato in:
Dettagli Bibliografici
Autore principale: Lyócsa, Štefan, 1982-
Altri autori: Závadský, Cyril, 1971-, Výrost, Tomáš, 1978-, Baumöhl, Eduard, 1982-
Natura: Libro
Lingua:inglese
Pubblicazione: Rochester Social Science Electronic Publishing, Inc. 2012
Serie:Working papers series
Soggetti:
Tags: Aggiungi Tag
Nessun Tag, puoi essere il primo ad aggiungerne!!

MARC

LEADER 00000nam a2200000 4500
001 0161123
005 20240502083358.4
041 0 |a eng 
044 |a US 
245 1 0 |a Measuring web searching task efficiency: an imprecise data envelopment analysis approach  |c Štefan Lyócsa ... [et al.] 
264 1 |a Rochester  |b Social Science Electronic Publishing, Inc.  |c 2012 
300 |a [12 s.] 
490 1 |a Working papers series 
830 0 |a Working papers series 
610 2 0 |a internet 
610 2 0 |a dáta 
610 2 0 |a analýzy 
100 1 |a Lyócsa, Štefan, 1982- 
700 1 |a Závadský, Cyril, 1971- 
700 1 |a Výrost, Tomáš, 1978- 
700 1 |a Baumöhl, Eduard, 1982-